000 00475nam a2200169Ia 4500
003 GCL
008 140319s9999 xx 000 0 ara d
040 _aGCL /
_cGCL
082 0 4 _a411.52
_bم ف
100 1 _aمحمد عبدالرحيم عدس
245 1 0 _aفن الالقاء /
_cمحمد عبدالرحيم عدس
300 _a136 ص
490 _aكتاب
_v0
650 0 4 _aالبلاغة العربية
650 0 4 _aالخطابة العربية
942 _2ddc
_cBK
999 _c41619
_d41619